European Flag Maps Quiz Stats

Quiz Updated Mar 18, 2018

Challenge
Share
Tweet
Score 0/47 Timer 14:00
28 Plays Today
% Correct
Italy
99.7%
France
96.2%
United Kingdom
94.8%
Russia
94.6%
Sweden
93.7%
Turkey
93%
Switzerland
92.7%
Portugal
92.5%
Ireland
90.3%
Greece
89.5%
Norway
88.2%
Poland
87%
Finland
86.7%
Czechia
86%
Germany
85.1%
Spain
83.6%
Iceland
83%
Belgium
83%
Denmark
82%
Netherlands
82%
Estonia
81.8%
Slovakia
80.9%
Cyprus
80.8%
Ukraine
79%
% Correct
Austria
79%
Romania
78.9%
Croatia
77.9%
Vatican City
77.8%
Slovenia
75.5%
Macedonia
74.2%
Serbia
73.9%
Albania
73.7%
Latvia
71.8%
Monaco
71.2%
Hungary
70.9%
Belarus
70.8%
Malta
69.7%
Bulgaria
69.5%
Luxembourg
69.1%
Bosnia and Herzegovina
69%
Kosovo
68.2%
San Marino
68%
Lithuania
67.6%
Andorra
64.3%
Montenegro
63.9%
Liechtenstein
63.5%
Moldova
61.6%

You're not logged in!

Compare scores with friends on all Sporcle quizzes.
Join for Free
OR
Log In

You Might Also Like...

Show Comments

Extras

Top Quizzes Today


Score Distribution

Your Account Isn't Verified!

In order to create a playlist on Sporcle, you need to verify the email address you used during registration. Go to your Sporcle Settings to finish the process.

Report this User

Report this user for behavior that violates our Community Guidelines.

Details: